A model of transformation of the Slovak economy
Salvato in:
| Autore principale: | |
|---|---|
| Altri autori: | , , , |
| Natura: | Capitolo di libro |
| Lingua: | inglese |
| Tags: |
Nessun Tag, puoi essere il primo ad aggiungerne!!
|
MARC
| LEADER | 00000naa$a2200000$$$4500 | ||
|---|---|---|---|
| 001 | 0091510 | ||
| 005 | 20240502072024.4 | ||
| 041 | 0 | |a eng | |
| 044 | |a SK | ||
| 245 | 1 | 0 | |a A model of transformation of the Slovak economy |c Jozef Sojka, Adam Lasčiak, Zlatica Ivaničová, Michal Hatrák, Marián Goga |
| 100 | 1 | |a Sojka, Jozef | |
| 700 | 1 | |a Lasčiak, Adam | |
| 700 | 1 | |a Ivaničová, Zlatica | |
| 700 | 1 | |a Hatrák, Michal | |
| 700 | 1 | |a Goga, Marián | |